| 000 | 00399nam a22001217a 4500 | ||
|---|---|---|---|
| 008 | 160709b xxu||||| |||| 00| 0 eng d | ||
| 050 | _aHD6273 .S55 2008 | ||
| 100 | _aSilsil Peter | ||
| 245 |
_aReport of the task force on affordable secondary education / _c[Edited by] Peter Silsil |
||
| 260 |
_aNairobi : _bShrend Publishers Ltd, _c2008 |
||
| 300 |
_a123p. : _bill; _c21cm |
||
| 942 |
_2lcc _cSH_L_BOOKS |
||
| 999 |
_c11513 _d11513 |
||